• 首页
  • 本馆介绍
  • 公告通知
  • 最新文献
  • 馆藏检索
  • 电子资源
  • 读者导购
  • 参考咨询
  • 我的图书馆
  • 登录
  • 详细信息显示
  • 放入我的书架
  • 预约/预借图书
  • 作者相关作品
  • 分类相关作品
  • 丛书相关作品
  • 出版社相关作品

书目信息

  • 表格格式
  • 工作单格式
  • 卡片格式
题名:
德语100句
    
 
作者: 马佳欣 编著
分册:  
出版信息: 上海   上海外语教育出版社  2006
页数: 201页
开本: 19cm
丛书名: 外语100句丛书
单 册:
中图分类: H339.9
科图分类:
主题词: 德语--口语 , 德语
电子资源:
ISBN: 7-81095-211-0
000 00850nam0 2200277 450
000 00860nam0 2200277 450
000 00791nam0 2200253 450
000 00755oam2 2200241 45
005 20070803082429.30
010    @a7-81095-211-0@dCNY12.00
100    @a20070730d2006 em y0chiy0120 ea
101 2  @achi@ager
102    @aCN@b310000
105    @ay z 000yy
200 1  @a德语100句@ADe Yu 100 Ju@f马佳欣编著@FMa Jia Xin Bian Zhu
210    @a上海@c上海外语教育出版社@d2006
215    @a201页@c图@d19cm
225 2  @a外语100句丛书
330    @a本书以全真的情景对话及语言文化背景知识介绍,提供了交际时需掌握的德语语言环境及各种礼仪。
410  0 @12001 @a外语100句丛书
606 0  @a德语@x口语
606 0  @a德语
690    @aH339.9@v4
701  0 @a马佳欣@AMa Jia Xin@4编著
801  0 @aCN@bTAOJIN@c20070803
905    @a10447@dH339.9@e119
    
    德语100句/马佳欣编著.-上海:上海外语教育出版社,2006
    201页:图;19cm.-(外语100句丛书)
    
    
    ISBN 7-81095-211-0:CNY12.00
    本书以全真的情景对话及语言文化背景知识介绍,提供了交际时需掌握的德语语言环境及各种礼仪。
●
相关链接 在E读中查询图书 在五车中查询图书 在当当中查询图书 在豆瓣中查询图书


正题名:德语100句     索取号:H339.9/119         预约/预借

序号 登录号 条形码 馆藏地/架位号 状态 备注
1 0827098   208270985   第二样本阅览室/ [索取号:H339.9/119] 在馆    
2 0827099   208270994   第四借阅区/ [索取号:H339.9/119] 在馆    
3 0827100   208271001   第四借阅区/ [索取号:H339.9/119] 在馆    
4 0827101   208271010   第四借阅区/ [索取号:H339.9/119] 在馆    
5 0827102   208271029   第四借阅区/ [索取号:H339.9/119] 在馆    
唐山师范学院图书馆 欢迎您!
大连网信软件有限公司© 版权所有